Normal view MARC view
  • Sinha, S K

Entry Personal Name

Number of records used in: 1

001 - CONTROL NUMBER

  • control field: 6624

003 - CONTROL NUMBER IDENTIFIER

  • control field: OSt

005 - DATE AND TIME OF LATEST TRANSACTION

  • control field: 20180223103941.0

008 - FIXED-LENGTH DATA ELEMENTS

  • fixed length control field: 180223|| aca||aabn | a|a d

040 ## - CATALOGING SOURCE

  • Original cataloging agency: OSt
  • Transcribing agency: OSt

100 ## - HEADING--PERSONAL NAME

  • Personal name: Sinha, S K

670 ## - SOURCE DATA FOUND

  • Source citation: Work cat.: (OSt): Sinha, S K, The Diary of a young girls, 2015

Powered by Koha